Death in Washington: The murder of Orlando Letelier
Gespeichert in:
| Hauptverfasser: | , |
|---|---|
| Format: | Buch |
| Sprache: | Englisch |
| Veröffentlicht: |
Westport
Lawrence Hill
1980
|
| Ausgabe: | 1a. ed |
| Schlagworte: | |
| Tags: |
Tag hinzufügen
Keine Tags, Fügen Sie den ersten Tag hinzu!
|
MARC
| LEADER | 00000nam a2200000 a 4500 | ||
|---|---|---|---|
| 001 | UCH1375 | ||
| 003 | CL-VaPUC | ||
| 008 | 090427e19800000US |||||||||||||||||eng|d | ||
| 020 | |a 0882081233 | ||
| 082 | 0 | 4 | |a 364.1524 |b FRE |2 21 |
| 100 | 0 | |a Freed, Donald |e author |9 535845 | |
| 700 | 0 | |a Landis, Fred Simon |e author |9 535846 | |
| 245 | 1 | 0 | |a Death in Washington: The murder of Orlando Letelier |
| 250 | |a 1a. ed | ||
| 300 | |a 254 p | ||
| 942 | |c BK | ||
| 945 | |d 20090427 00:00:00 |a rbrito | ||
| 260 | |a Westport |b Lawrence Hill |c 1980 | ||
| 600 | 0 | 7 | |a LETELIER, ORLANDO |2 CL-VaPUC |9 323655 |
| 650 | 0 | |a Asesinato político |9 323657 | |
| 650 | 0 | |a Relaciones Internacionales |9 255740 | |
| 651 | 0 | |a Estados Unidos |9 255178 | |
| 651 | 7 | |a CHILE |2 CL-VaPUC |9 535847 | |
| 583 | |a last modification |c 20090427 00:00:00 |k Rodrigo Vera | ||
| 999 | |c 333426 |d 333424 | ||
| 952 | |0 0 |1 0 |4 0 |6 364_152400000000000_FRE_1980 |7 0 |8 A |9 421810 |a BIBHIS |b BIBHIS |d 2019-11-22 |i 4539680 |o 364.1524 FRE 1980 |p 4539680 |r 2025-01-20 |w 2019-11-22 |y BK |k HIS | ||